00363nam a22000977a 4500008004100000040005500041080002400096245006300120260006700183300001500250230322b |||||||| |||| 00| 0 eng d aNational Science LibrarycNational Science Library a05:541.13.001.5bK2 aMemoirs 1962c/ Central Electrochemical Research Institute aKaraikudi: bCentral Electrochemical Research Institute,c1962 aiv, 288p.